000 00293nam a22001337a 4500
008 170527b xxu||||| |||| 00| 0 eng d
020 _a3540176632
041 _aeng
080 _a621.3
100 _a27
101 _aim
245 _aDESIGN OF VLSI CIRCUITS
_cSCHLOER, C.M
942 _2udc
_cBK
999 _c14695
_d14695